Visión prospectiva y estratégica del consejo comunitario de Córdoba San Cipriano y Santa Helena (Registro nro. 20736)

Detalles MARC
000 -CABECERA
Campo de control 00934nam a22002177a 4500
005 - FECHA Y HORA DE LA ULTIMA TRANSACCION
Campo de control 20200127124403.0
008 - ELEMENTOS DE LONGITUD FIJA—INFORMACION GENERAL
Campo de control 200127b xxu||||| |||| 00| 0 spa d
040 ## - FUENTE DE CATALOGACIÓN
Agencia catalogadora original CO-BoIAVH
Agencia transcriptora CO-BoIAVH
041 ## - IDIOMA
Código de idioma para texto/pista de sonido o título separado Español
044 ## - PAÍS DE PUBLICACIÓN
País de publicación Colombia
110 ## - ASIENTO PRINCIPAL--NOMBRE CORPORATIVO
9 (RLIN) 102375
Nombre corporativo o de jurisdicción como elemento de entrada Consejo Comunitario de Córdoba y San Cipriano
245 ## - MENCION DE TITULO
Título Visión prospectiva y estratégica del consejo comunitario de Córdoba San Cipriano y Santa Helena
Mención de responsabilidad Consejo Comunitario de Córdoba y San Cipriano CC-CORYSAN, apoyo técnico Fundación FUNDAPAV
260 ## - PUBLICACION, DISTRIBUCION, ETC. (PIE DE IMPRENTA)
Lugar de publicación, distribución, etc. s.l.
Nombre del editor, distribuidor, etc. Consejo Comunitario de Córdoba y San Cipriano CC-CORYSAN
Fecha de publicación, distribución, etc. s.f.
300 ## - DESCRIPCION FISICA
Extensión 23 páginas,
Otros detalles físicos Fotografías y formas a color
Dimensiones 21.5 x 27.8 cm
650 #0 - ASIENTO SECUNDARIO DE MATERIA - TERMINO TEMATICO
9 (RLIN) 97742
Término temático o nombre geográfico como elemento de entrada Programas de mejoramiento
650 #0 - ASIENTO SECUNDARIO DE MATERIA - TERMINO TEMATICO
9 (RLIN) 97734
Término temático o nombre geográfico como elemento de entrada Aspectos sociales
650 #0 - ASIENTO SECUNDARIO DE MATERIA - TERMINO TEMATICO
9 (RLIN) 65405
Término temático o nombre geográfico como elemento de entrada Prospección
651 #0 - ASIENTO SECUNDARIO DE MATERIA - NOMBRE GEOGRAFICO
9 (RLIN) 66316
Nombre geográfico Valle del Cauca
Subdivisión general Municipio de Buenaventura
Subdivisión geográfica Colombia
710 ## - ASIENTO SECUNDARIO - NOMBRE CORPORATIVO
9 (RLIN) 102361
Nombre corporativo o de jurisdicción como elemento de entrada Fundación FUNDAPAV
942 ## - ELEMENTOS ADICIONALES (KOHA)
Sistema de clasificación Dewey Decimal Classification
Tipo de ítem Folleto
Existencias
Withdrawn status Lost status Sistema de Clasificación Damaged status No para préstamo Colección Ubicación Permanente Ubicación actual Fecha de adquisición Total Checkouts Número topográfico Inventario / Código de Barras Date last seen Ejemplar Price effective from Forma de adquisición Tipo de material
    Dewey Decimal Classification     Hemeroteca Bogotá Bogotá 27/01/2020   FG-0390 034500 27/01/2020 Ej. 1 27/01/2020 Donación Folleto
    Dewey Decimal Classification     Hemeroteca Bogotá Bogotá 27/01/2020   FG-0390 034501 27/01/2020 Ej. 2 27/01/2020 Donación Folleto